Lexikón osobností mesta Martin /

Uloženo v:
Podrobná bibliografie
Hlavní autoři: Maťovčík, Augustín 1937- (Autor), Parenička, Pavol, 1959- (Autor)
Další autoři: Ďuriška, Zdenko, 1957-
Médium: Kniha
Jazyk:slovenština
Vydáno: Martin : Osveta, 2006
Vydání:[1. vyd.]
ISBN:8080632235
On-line přístup: Získat plný text
Tagy: Přidat tag
Žádné tagy, Buďte první, kdo vytvoří štítek k tomuto záznamu!

MARC

LEADER 00000nam a2200000 4500
003 SK-BrCVT
005 20220621163353.0
008 070906s2006 xo e ||||||slo d
020 |a 8080632235 
035 |a CVTIDW1422534 
040 |b slo  |a CVTI SR  |e AACR2 
041 0 |a slo 
044 |a xo 
080 |a 929(03)  |2 UDC-MRF 
100 1 |a Maťovčík, Augustín  |d 1937-,  |4 aut 
245 1 0 |a Lexikón osobností mesta Martin /  |c Spracovali: Augustín Maťovčík, Pavol Parenička, Zdenko Ďuriška 
250 |a [1. vyd.] 
260 |a Martin :  |b Osveta,  |c 2006 
300 |a 293 s. :  |b fotogr. ; 
700 1 |a Parenička, Pavol,  |d 1959-,  |4 aut 
700 1 |a Ďuriška, Zdenko,  |d 1957-, 
910 |b A602981 
919 |a 80-8063-223-5 
974 |f Knihy 
992 |a AIM 
999 |c 156431  |d 156431